| 000 | 00914cam a2200193 4500 | ||
|---|---|---|---|
| 008 | 030206n2003 000 0 eng u | ||
| 035 | _a(Sirsi) u121260 | ||
| 245 | _aHousebuilding: December 2002 | ||
| 260 | _c2003 | ||
| 490 |
_aODPM News Release _v(HB-2) 6 February 2003, (2) |
||
| 520 | _aHousebuilding statistics show that in December 2002 10 700 dwellings were started in Great Britain and 17 300 completed. After allowing for seasonal variation, total starts in the three months to December were down 2% on the previous three months and at the same level when compared with the same period a year ago. For the press release: http://www.gnn.gov.uk/gnn/national.nsf/Daily+News/CF3335615D8B7F1680256CC500370246 | ||
| 590 | _aWB | ||
| 650 | _aHOUSE BUILDING | ||
| 650 | _aHOUSING COMPLETIONS | ||
| 650 | _aHOUSING STARTS | ||
| 650 | _aHOUSING CORPORATION | ||
| 690 | _aHOUSING-DEVELOPMENT | ||
| 942 | _n0 | ||
| 999 |
_c72070 _d72070 |
||